| 000 | 00765nam a2200217 a 4500 | ||
|---|---|---|---|
| 001 | BRCA_2163 | ||
| 005 | 20190320203708.0 | ||
| 008 | 931119s1992 mx-#---##b---#100-0#spa-# | ||
| 020 | _a9683626521 | ||
| 040 |
_aDLC _cDLC |
||
| 050 | 4 |
_aN6550 _b.A78 1992 |
|
| 245 | 1 | 0 |
_aArte y coerción _bprimer coloquio del Comité Mexicano de Historia del Arte. |
| 260 |
_aMéxico _bUNAM, Instituto de Investigaciones Estéticas _c1992 |
||
| 300 |
_a264 p. _c23 cm. |
||
| 504 | _aIncluye referencias bibliográficas | ||
| 650 | 1 | 4 |
_aArte en América Latina _vCongresos _96518 |
| 650 | 1 | 4 |
_aArte y sociedad _vCongresos _zAmérica Latina _96519 |
| 650 | 1 | 4 |
_aArte y Estado _vCongresos _zAmérica Latina _96520 |
| 710 | 2 |
_aComité Mexicano de Historia del Arte _96521 |
|
| 942 |
_2lcc _cB |
||
| 999 |
_c1919 _d1919 |
||